| 000 | 00710nam a2200241Ia 4500 | ||
|---|---|---|---|
| 003 | OSt | ||
| 005 | 20220926024402.0 | ||
| 006 | a|||||r|||| 00| 0 | ||
| 007 | ta | ||
| 008 | 220923b |||||||| |||| 00| 0 eng d | ||
| 020 |
_a0631149538 _ceuro 1950 |
||
| 037 |
_b410, 16/10/1987, SBD _cGeneral Book |
||
| 040 |
_aRTL _cRTL _beng |
||
| 041 |
_2eng _aeng |
||
| 082 | _aD6,9(B), M7 | ||
| 100 |
_aPratt Vernon _941566 |
||
| 245 | 0 |
_aThinking machines _bThe evolutions of artificial |
|
| 260 |
_aOxford _bBasil Blackwell _c1987 |
||
| 300 |
_a254p _ccm. |
||
| 650 | _aComputer Science | ||
| 942 |
_hD6,9(B), M7 _cGB _2CC |
||
| 999 |
_c644025 _d644025 |
||